000 00465nam a2200181Ia 4500
005 20250423101153.0
008 250422s9999 xx 000 0 und d
020 _a9780435905408
050 _aPR 9379.9 .A7/
100 _aArmah, Ayi Kwei
245 4 _aThe beautyful ones are not yet born; a novel
260 _aBoston
260 _bHoughton Mifflin
260 _c1968
300 _a183 p
650 _a Men--Fiction. Ghana--Fiction.
942 _cBK
999 _c35506
_d35506